Top 150 Demons in Geometry Dash - Statistics

General Stats
  • This quiz has been taken 40 times
  • The average score is 39 of 150
Answer Stats
Hint Answer % Correct
1 Slaughterhouse
85%
31 Bloodlust
78%
3 Firework
78%
66 Sonic Wave
78%
4 Tartarus
78%
10 Zodiac
78%
7 Sonic Wave Infinity
74%
5 Arcturus
70%
2 Sakupen Circles
70%
9 The Golden
70%
12 Kenos
67%
30 Silent Club
67%
17 Crimson Planet
59%
6 Hard Machine
59%
75 Yatagarasu
56%
65 Sonic Wave Rebirth
52%
8 Trueffet
52%
39 Arctic Lights
48%
85 Erebus
48%
11 Verdant Landscape
48%
129 Artificial Ascent
44%
21 Cold Sweat
44%
41 Congregation
44%
18 Fragile
44%
14 Renevant
44%
19 Calculator Core
41%
23 Cognition
41%
36 Deimos
41%
77 Generic Wave
41%
13 Keres
41%
32 Ragnarock
41%
20 Thinking Space
41%
50 Plasma Pulse Finale
37%
54 Aquatic Auroras
33%
48 Nhelv
33%
61 Omega
33%
43 Ouroboros
33%
24 Rust
33%
27 Cosmic Cyclone
30%
33 Omega Interface
30%
16 SARY NEVER CLEAR
30%
44 Sigma
30%
63 Spacial Rend
30%
104 super probably level
30%
83 xo
30%
38 Aronia
26%
147 Bausha Vortex
26%
53 Calamity
26%
94 Devil Vortex
26%
45 Frozen Cave
26%
62 Gamma
26%
58 Molten Core
26%
81 Molten Gear
26%
138 Quantum Processing
26%
64 Sink
26%
52 Spectrum Cyclone
26%
140 The Hell Field
26%
141 The Hell Zone
26%
28 The Rupture
26%
46 The Yandere
26%
56 Wasureta
26%
90 Altered Ascent
22%
35 Asterios
22%
139 BBBBBBBBBBBBBBBBBBBB
22%
57 Eternal Moment
22%
22 Lotus Flower
22%
78 Mirrored Calamity
22%
73 Necromancer
22%
15 Promethean
22%
40 Terminux
22%
47 Visible Ray
22%
113 ZAPHKIEL
22%
34 Akashic Records
19%
150 Balengu Vortex
19%
142 Belloq
19%
115 Cadrega City
19%
51 Chroma Finale
19%
116 Delta Interface
19%
125 Demonicat
19%
60 Hyper Paracosm
19%
106 Jamboree
19%
29 Kappa
19%
26 Lucid NIghtmares
19%
118 Omicron
19%
123 RGB
19%
111 Stalemate Redux
19%
89 Sunset Sandstorm
19%
95 Tapwreck
19%
134 Yuh
19%
49 Atomic Cannon
15%
105 Catalyze
15%
107 Chromatic Haze
15%
91 Darkflare
15%
74 Edge of the Blade
15%
84 Icotact
15%
100 Lucid Chaos
15%
132 Occult Outcry
15%
101 Paroxysm
15%
103 Photovoltaic II
15%
97 RELENTLESS
15%
59 Requiem
15%
70 Shutdown
15%
88 The Reaper
15%
98 Timor
15%
79 Titan Complex
15%
99 WOW
15%
133 Aesthetic
11%
126 Auroral Darkness
11%
114 Black Flag
11%
108 Boogie
11%
93 Celestial Force
11%
76 Cersia Difficult
11%
92 Ddiamond
11%
96 Delebit Oblivio
11%
86 DubKore X
11%
127 Fabrication
11%
120 Factory Realm X
11%
102 Freedom08
11%
143 Glowy
11%
71 Infinite Iniquity
11%
117 Kilbot
11%
42 Kowereta
11%
131 Luxtra
11%
67 Macabre
11%
136 Mind Control
11%
137 Night Rider
11%
82 Rage
11%
122 Solarion
11%
148 Spectrum Rave
11%
121 Step to Hell
11%
55 Storming Summit
11%
109 Stygian Machinery
11%
124 Tempered Steel
11%
112 TheCinnyBun
11%
119 vaenstep
11%
144 Crystal
7%
69 Cybernetic Crecent
7%
110 Digital Decent
7%
68 Goner
7%
149 Never Beat It
7%
72 Sephiroth
7%
37 Sparkling
7%
146 Void Wave
7%
25 Decent Into Exile
4%
128 Ethreal Artifice
4%
145 Rate Demon
4%
80 Kazureta
0%
135 Missing Benifits
0%
130 Quantam Dynamix
0%
87 Quantam Theory
0%
No matching quizzes found
Score Distribution
Percent of People with Each Score
Percentile by Number Answered
Your Score History
You have not taken this quiz